00484nam a2200193 a 4500001001300000003000900013005001700022008004100039020001000080082001600090100001600106245003100122260004000153300000900193500003500202505001800237650001900255700001600274nice12345678IN_TiNIC20260116011827.0050524s1930 hyda grp 000 0 urd  ac10000a891.51bMAS aMasud Ali,  aSafina-E-Shaikh Ali Hazeen aHyderabadbOsmania Universityc1930 a102p aincludes index and biblioraphy2 aVols. 2 and 3 aPersian Poetry1 aMasud Ali,